000 01129nam a2200301 a 4500
001 BRCA_6620
005 20190320205529.0
008 041011s1967----sp-a######---#000-0#spa-#
041 _aspa
044 _asp
050 4 _aND1452
_b.D47 1967
100 1 _aDescargues, Pierre
_92245
245 1 0 _aTesoros de la pintura en el Ermitage de Leningrado
_cPierre Descargues ; traducción de Antonio G. Valiente ; revisión y dirección Teodoro Miciano.
250 _a3
260 _aMadrid
_bDaimon, Manuel Tamayo
_c1967
300 _a319 p.
_bil. (algunas a color)
_c22 cm.
440 0 _aColección Tesoros de los grandes museos
_912343
500 _aIncluye índice de ilustraciones e índice de nombres citados
500 _aTraducción de: Le Musée de L´Ermitage
500 _aDonación Dra. Elsa Barberena
610 2 4 _aMuseo del Ermitage (San Petersburgo, Rusia)
_xColecciones de arte
_914483
650 1 4 _aPintura
_ySiglo XV-XX
_zRusia
_916574
650 1 4 _aMuseos de arte
_xAntigüedades
_916575
700 1 _aValiente, Antonio G.
_etr.
_916576
700 1 _aMiciano, Teodoro
_912347
902 _aDEB
942 _2lcc
_cB
999 _c6304
_d6304